| 000 | 01140nam a2200241 i 4500 | ||
|---|---|---|---|
| 001 | BPP | ||
| 003 | KOSZ 005 | ||
| 005 | 20171116100745.0 | ||
| 008 | 150219s1988 pl f |000 0 pol | ||
| 040 | _cBPK | ||
| 080 | _a666.97/.98 | ||
| 080 | _a691 | ||
| 100 |
_aMACIEIK, Lesław. _d1973 - 1996. _bWyższa Szkoła Inżynierska w Koszalinie - Wydział Inżynierii Lądowej i Sanitarnej, _cZakład Budownictwa i Materiałów Budowlanych |
||
| 245 |
_aBadania składu stwardniałych zapraw budowlanych / _cLesław Macieik, Zenon Machowski. |
||
| 260 |
_aKoszalin, _c1988. |
||
| 500 | _aDane z autopsji. | ||
| 520 | _aCelem zleconych prac badawczych było określenie składów i marek stwardniałych zapraw budowlanych, których próby pobrane z czterech miejsc na budowie Polikliniki WUSW dostarczył Zleceniodawca. | ||
| 650 | 0 | _aMateriały budowlane. | |
| 650 | 0 | _aZaprawy budowlane. | |
| 650 | 0 | _aBeton. | |
| 700 |
_aMACHOWSKI, Zenon. _d1985 - 1992. _bWyższa Szkoła Inżynierska w Koszalinie - Wydział Inżynierii Lądowej i Sanitarnej, _cZakład Budownictwa i Materiałów Budowlanych |
||
| 942 |
_cMN _2UKD |
||
| 999 |
_c2267 _d2267 |
||